| 000 | 00991nam a2200253 a 4500 | ||
|---|---|---|---|
| 001 | 84060 | ||
| 003 | BD-RjUL | ||
| 005 | 20241211110531.0 | ||
| 008 | 241002s2002 bg a|||| m||| 00| 0 eng d | ||
| 035 | _a(BD-RjUL)84060 | ||
| 040 |
_aBD-RjUL _beng _cBD-RjUL _dBD-RjUL |
||
| 041 | _aeng | ||
| 082 |
_223 _a822.338209 _bAHS 2002 |
||
| 100 |
_aAhmed, Idris _913659 |
||
| 245 | 1 | 0 |
_aStructure and Content of Sura Ya-sin of the Holy Quran in the Eye of Student of English Literature / _cBy Idris Ahmed ; _6Supervisor : Md. Ator Ali, Supervisor : Md. Shafiqullah |
| 260 |
_aRajshahi : _bDepartment of English, University of Rajshahi, _c2002 |
||
| 300 |
_a[5], 323 Leaves : _bill, ; _c29 cm. |
||
| 502 | _aThesis (Ph. D.) -- Department of English, University of Rajshahi, 2002 | ||
| 504 | _aBibliography : Leaves [315]-323 | ||
| 650 |
_aEnglish Literature _vSura Ya-sin _913660 |
||
| 700 |
_aAli, Md. Ator, Supervisor _913658 |
||
| 700 |
_aShafiqullah, Md. Supervisor _913661 |
||
| 942 |
_2ddc _cTHE |
||
| 999 |
_c84060 _d84060 |
||